| 000 | 00807nam a2200193Ii 4500 | ||
|---|---|---|---|
| 003 | JO-AjNU | ||
| 008 | 230605s9999||||xx |||||||||||||| ||und|| | ||
| 040 |
_aJO-AjNU _bara _erda _cJO-AjNU |
||
| 041 | _aara | ||
| 050 | 1 | 4 | _aHF5415 .15.2011 |
| 100 | 3 |
_aبخيت،علي سيد, _eauthor _934449 |
|
| 245 | 0 | 0 | _aتقييم السياسات الانتاجية والتسويقية وتحليل اتجاهات العملاء لتفعيل الطلب على التأمين الطبي التجاري |
| 264 | 3 | 1 | _aالقاهرة:المنظمة العربية للتنمية الادارية؛2011 |
| 300 |
_a114ص _bيحتوي على ملاحق من ص 63-114 |
||
| 336 |
_atext _btxt _2rdacontent |
||
| 337 |
_aunmediated _bn _2rdamedia |
||
| 338 |
_avolume _bnc _2rdacarrier |
||
| 650 | 4 |
_aالتسويق _934450 |
|
| 999 |
_aA14127 _c17695 _d17695 |
||